000 00968nam a2200349 a 4500
003 AR-BaBNM
005 20251128203706.0
008 082120s2002 ||||||||||||||000 | spa||
020 _a950-530-266-5
040 _cAR-BaBNM
100 1 _aFabregat, Antonio Manuel
245 0 0 _aCómo crear cuentos en la escuela
_bhomenaje a Gianni Rodari
250 _a2ª ed.
260 _aBuenos Aires
_bGram Editora
_c1993
300 _a134 p.
_bil.
504 _aBibliografía p.131-132
650 4 _aCOMUNICACION EN LA CLASE
650 4 _aCOMUNICACION VERBAL
650 4 _aJUEGOS EDUCATIVOS
650 4 _aCREATIVIDAD
650 4 _aNARRACION DE CUENTOS
650 4 _aAPTITUD LINGÜISTICA
650 4 _aACUSTICA
650 4 _aSEMANTICA
650 4 _aLITERATURA
650 4 _aENSEÑANZA DE LA LECTURA
650 4 _aENSEÑANZA DE LA ESCRITURA
650 4 _aACTIVIDADES DE APRENDIZAJE
650 4 _aACTIVIDADES INTEGRADAS
942 _cBK
998 _cCarmen
999 _c4511
_d4511